| 000 | 01061nam a2200289 i 4500 | ||
|---|---|---|---|
| 001 | 88256 | ||
| 003 | ES-MaACL | ||
| 005 | 20250603170558.0 | ||
| 007 | t| | ||
| 008 | 060801s1956 sp |||| | spa d | ||
| 080 | _a008(460)"18/19" | ||
| 080 | _a001(460)"18/19" | ||
| 100 | 1 |
_aLaín Entralgo, Pedro, _d1908-2001 _969681 |
|
| 245 | 1 | 0 |
_aEspaña como problema / _cPedro Laín Entralgo. |
| 260 |
_aMadrid : _bAguilar, _c1956. |
||
| 300 |
_a2 v. (456 ; 580 p.) ; _c21 cm. |
||
| 490 | 1 | _aEnsayistas hispánicos | |
| 505 | 8 | _aContiene: 1. Desde la polémica de la ciencia española hasta la "generación del 98" - 2. Desde la generación del 98 hasta 1936 | |
| 651 | 4 |
_aEspaña- _xVida intelectual- _yS.XIX. _9138445 |
|
| 651 | 4 |
_aEspaña- _xVida intelectual- _yS.XX _98529 |
|
| 651 | 4 |
_aEspaña- _xCivilización- _yS.XIX. _9162600 |
|
| 651 | 4 |
_aEspaña- _xCivilización- _yS.XX. _98171 |
|
| 830 | 1 |
_aEnsayistas hispánicos _9181410 |
|
| 852 |
_aES-MaACL _jC-10953-54 |
||
| 852 |
_aES-MaACL _jAND-452-53 _z- Biblioteca Juan Andrade |
||
| 999 |
_c88256 _d88256 |
||